01685 a2200193 45000010006000000050017000060080041000230030015000640400040000790800084001192450081002032500012002842640051002963000019003475051059003661000024014257000020014497000022014695902620260407155845.0260407a1953 arg spa dAR-UNSa-BCEJYS aAR-UNSa-BCEJYSbspacAR-UNSa-BCEJYS a338.1xSituación económica. Ciclos. Desarrollo de la estructura económica10aProsperidad y depresiónpanálisi teórico de los moviemintos cíclicos a3a. ed. 1aMéxico :bFondo de Cultura Económicac1953 a539 p.c21 cm. aParte I: Examen sistemático de las teorías de los ciclos económicos: 1. Observaciones preliminares – 2. La teoría puramente monetaria – 3. Teorías de la supercapitalización – 4. Las variaciones del costo de producción, los desequilibrios en el sentido horizontal y el exceso de deudas, como causas de crisis y depresión – 5. Teorías del subconsumo – 6. Teorías “psicológicas” – 7. Las teorías de las cosechas. La agricultura y los ciclos económicos – 8. Algunos estudios recientes sobre las teorías del ciclo económico – Parte II: Exposición general de la naturaleza y de la causa de los ciclos económicos: 9. Definición y medida de ciclo económico – 10. El proceso de expansión y de contracción – 11. Inversión de las tendencias: crisis y recuperación – 12. Aspectos internacionales de los ciclos económicos – Parte III: Nuevos comentarios sobre las últimas aportaciones a la teoría del ciclo económico: 13. El multiplicador, rigideces institucionales y gastos públicos1 aHaberler, Gottfried1 aFranco, Gabriel1 aMárquez, Javier